000 00348nam a22001457a 4500
020 _a81-8204-035-3
082 _a650
_bSIN
100 _aSINGH, R.K
245 _aSAFETY AND SECURITY IN HOTELS
260 _aDELHI
_bAMAN PUBLISHER
_c2007
300 _a267
650 _aSEFETY AND SECURITY MANAGEMENT
653 _aSAFETY,SECURITY
942 _2ddc
_cBK
999 _c8100
_d8100